CLINICAL GUIDELINES (Record no. 3072)

000 -LEADER
fixed length control field 00416nam a22001697a 4500
003 - CONTROL NUMBER IDENTIFIER
control field OSt
005 - DATE AND TIME OF LATEST TRANSACTION
control field 20210810131739.0
008 - FIXED-LENGTH DATA ELEMENTS--GENERAL INFORMATION
fixed length control field 210810b ||||| |||| 00| 0 eng d
020 ## - INTERNATIONAL STANDARD BOOK NUMBER
International Standard Book Number -
040 ## - CATALOGING SOURCE
Transcribing agency ALUPE UNIVERSITY
050 ## - LIBRARY OF CONGRESS CALL NUMBER
Classification number R 727
Item number .C65
110 ## - MAIN ENTRY--CORPORATE NAME
Corporate name or jurisdiction name as entry element GOVERNMENT OF KENYA
245 ## - TITLE STATEMENT
Title CLINICAL GUIDELINES
260 ## - PUBLICATION, DISTRIBUTION, ETC.
Place of publication, distribution, etc. Nairobi, Kenya
Name of publisher, distributor, etc. Usaid
Date of publication, distribution, etc. 1994
300 ## - PHYSICAL DESCRIPTION
Extent xiii,274pgs
Other physical details ills,
Dimensions 24cm
942 ## - ADDED ENTRY ELEMENTS (KOHA)
Source of classification or shelving scheme
Koha item type Book
Suppress in OPAC PW
Holdings
Withdrawn status Lost status Source of classification or shelving scheme Damaged status Not for loan Permanent Location Current Location Shelving location Date acquired Source of acquisition Total Checkouts Full call number Barcode Date last seen Date last checked out Copy number Price effective from Koha item type Public note
          AU LIBRARY AU LIBRARY Open Shelf 07.04.2022 DONATION FROM MOI UNIVERSITY 2 R727 .C65 1994 C1 28004142 09.02.2023 07.09.2022 1 07.04.2022 Book DO
          AU LIBRARY AU LIBRARY Open Shelf 11.11.2021 DONATION FROM MOI UNIVERSITY   R727 .C65 1994 C2 28004719 11.11.2021   2 11.11.2021 Book DO
          AU LIBRARY AU LIBRARY Open Shelf 11.11.2021 DONATION FROM MOI UNIVERSITY   R727 .C65 1994 C3 28004718 11.11.2021   3 11.11.2021 Book DO
          AU LIBRARY AU LIBRARY Open Shelf 23.03.2022 DONATION FROM MOI UNIVERSITY   R727 .C65 1994 C4 28006312 23.03.2022   4 23.03.2022 Book WO
          AU LIBRARY AU LIBRARY Open Shelf 25.03.2022 DONATION FROM MOI UNIVERSITY   R727 .C65 1994 C5 28006638 25.03.2022   5 25.03.2022 Book WO
          AU LIBRARY AU LIBRARY Open Shelf 29.03.2022 DONATION FROM MOI UNIVERSITY   R727 .C65 1994 C6 28011672 29.03.2022   6 29.03.2022 Book WO
          AU LIBRARY AU LIBRARY Open Shelf 29.03.2022 DONATION FROM MOI UNIVERSITY   R727 .C65 1994 C7 28011689 29.03.2022   7 29.03.2022 Book WO
          AU LIBRARY AU LIBRARY Open Shelf 29.03.2022 DONATION FROM MOI UNIVERSITY   R727 .C65 1994 C8 28011695 29.03.2022   8 29.03.2022 Book WO
          AU LIBRARY AU LIBRARY Open Shelf 01.04.2022 DONATION FROM MOI UNIVERSITY   R727 .C65 1994 C9 28007370 01.04.2022   9 01.04.2022 Book PW
          AU LIBRARY AU LIBRARY Open Shelf 01.04.2022 DONATION FROM MOI UNIVERSITY   R727 .C65 1994 C10 28007371 01.04.2022   10 01.04.2022 Book PW
          AU LIBRARY AU LIBRARY Open Shelf 04.04.2022 DONATION FROM MOI UNIVERSITY   R727 .C65 1994 C11 28007374 04.04.2022   11 04.04.2022 Book PW
          AU LIBRARY AU LIBRARY Open Shelf 04.04.2022 DONATION FROM MOI UNIVERSITY 1 R 727 .C65 1994 C12 28007746 28.09.2023 14.09.2023 12 04.04.2022 Book WO
          AU LIBRARY AU LIBRARY Open Shelf 07.04.2022 DONATION FROM MOI UNIVERSITY   R 727 .C65 1994 C13 28007855 07.04.2022   13 07.04.2022 Book PW
          AU LIBRARY AU LIBRARY Open Shelf 21.04.2022 DONATION FROM MOI UNIVERSITY   R 727 .C65 1994 C14 28007856 07.04.2022   14 07.04.2022 Book MM

Powered by Koha